| 000 | 00614nam a2200193 a 4500 | ||
|---|---|---|---|
| 001 | 12328 | ||
| 003 | CO-ViMGA | ||
| 008 | 141112s2004 ck r 000 u spa d | ||
| 040 |
_aCO-ViMGA _bspa _cCO-ViMGA |
||
| 082 | 0 | 4 | _a330.973 S37d |
| 100 | 1 |
_aServan Schrelber, Jean Jacques _917588 |
|
| 245 | 1 | 0 | _aEl desafío Américano |
| 260 |
_aBarcelona : _bPlaza - Janes, _c1969 |
||
| 300 | _a282p. | ||
| 590 | _aForma de adquisición : DONACION - - Proveedor : RAFAEL SALAMANCA - - Fecha de adquisición : 31 - 01 - 2001 | ||
| 650 | 1 | 4 |
_aCONDICIONES SOCIALES _917589 |
| 650 | 1 | 4 |
_aESTADOS UNIDOS _917590 |
| 942 |
_2ddc _cBK |
||
| 999 |
_c23338 _d23338 |
||